Prowincje Pakistanu z mapą - Statystyki

Ogólne statystyki
  • Ten quiz został rozwiązany 61 razy
  • Średni wynik to 3 z 7
Odpowiedzi na mapie
Odpowiedzi zakodowano w zielono-czerwonej skali na mapie do tego quizu, zgodnie z poniższymi procentami.
 
Statystyki odpowiedzi
Prowincja % Poprawnych
Terytorium Stołeczne Islamabadu
85%
Beludżystan
58%
Pendżab
48%
Sindh
45%
Chajber Pasztunchwa
20%
Gilgit-Baltistan
20%
Azad Dżammu i Kaszmir
18%
Nie znaleziono quizów pasujących do podanych kryteriów
Rozkład punktacji
Procent ludzi z każdym wynikiem
Percentyl według liczby udzielonych odpowiedzi
Twoja historia wyników
Nie rozwiązałeś tego quizu